00872nam a2200229 a 450000500170000000800410001704000250005804100080008304400070009109000130009810000350011124501300014626000750027630000070035165000220035865000280038065000300040870000370043894200130047599900150048895201390050320191224041619.0140303b1999 ck |||||rm||| 00| 0 spa d aCO-BoIAVHcCO-BoIAVH aspa ack aTEb0099 aRodríguez Buriticá, Susana aEvaluación del impacto de la cosecha y propuestas de manejo de la Maraya (Geonoma orbignyana), una palma usada como follaje aBogotábUniversidad Nacional de Colombia. Faculdad de Cienciasc1999 a20 aImpacto ambiental aManejo de biodiversidad aEcología de poblaciones aOrjuela Restrepo, María Andrea cTESIS2z c1979d1979 00102z40708TESISIINV2017aBogotabBogotad2001-01-26l0oTE-0099p006974r2012-12-04 00:00:00tEj. 1w2012-12-04xDonacionyTESIS